[Event "West European subzonal 1B (w)"]
[Site "Oisterwijk NED"]
[Date "1990.03.??"]
[Round "8"]
[White "Lebel-Arias, Julia"]
[Black "Drewes, Mariette"]
[Result "0-1"]
[WhiteElo "2060"]
[BlackElo "2120"]
[EventDate "1990.03.??"]
[PlyCount "120"]

1.b4 e5 2.a3 d5 3.Bb2 Bd6 4.e3 Nf6 5.c4 c6 6.Nf3 Qe7 7.d4 exd4 8.Nxd4 dxc4
9.Bxc4 Bxb4+ 10.Nd2 Bd6 11.h3 O-O 12.O-O c5 13.N4f3 Nbd7 14.Qc2 b6 15.Rad1
Ne5 16.Ng5 h6 17.Nde4 Nxe4 18.Qxe4 hxg5 19.Rxd6 Qxd6 20.Bxe5 Bb7 21.Qf5 
Qe7 22.f4 Rfd8 23.Qg6 Qf8 24.Qxg5 Bd5 25.Be2 f6 26.Qh4 Re8 27.Bd3 Kf7 28.
Qh5+ Ke7 29.Bxf6+ Qxf6 30.Qxd5 Rad8 31.Qc4 Qe6 32.e4 Qxc4 33.Bxc4 Rd4 34.
Bd5 c4 35.Rc1 Rc8 36.Kf2 Rd2+ 37.Kf3 c3 38.Ke3 Rxg2 39.e5 Rg3+ 40.Kd4 c2 
41.f5 Rxh3 42.Be4 Rxa3 43.Bxc2 Rac3 44.f6+ gxf6 45.exf6+ Kf8 46.Ra1 Rxc2 
47.Rxa7 R8c7 48.Ra6 b5 49.Ke5 R2c5+ 50.Kd4 Rc4+ 51.Kd3 Rb7 52.Ra8+ Kf7 53.
Rh8 Kxf6 54.Rh6+ Kg5 55.Rd6 Rcc7 56.Rd5+ Kf4 57.Rh5 b4 58.Rh4+ Kg5 59.Rh2 
b3 60.Rb2 Kf4 0-1

[Event "West European subzonal 1B (w)"]
[Site "Oisterwijk NED"]
[Date "1990.03.??"]
[Round "8"]
[White "Van Parreren, Hanneke"]
[Black "Roos, Celine"]
[Result "1/2-1/2"]
[WhiteElo "2155"]
[BlackElo "2150"]
[EventDate "1990.03.??"]
[PlyCount "83"]

1.e4 c6 2.d4 d5 3.Nd2 dxe4 4.Nxe4 Bf5 5.Ng3 Bg6 6.Nf3 Nd7 7.h4 h6 8.h5 Bh7
9.Bd3 Bxd3 10.Qxd3 e6 11.Bd2 Qc7 12.O-O-O Ngf6 13.Ne4 O-O-O 14.g3 Nc5 15.
Nxc5 Bxc5 16.Qe2 Be7 17.Ne5 Rxd4 18.Nxf7 Re4 19.Qd3 Rf8 20.Bc3 Rxf7 21.
Bxf6 Ra4 22.Qb3 Re4 23.f3 Re2 24.Qc4 Re3 25.Qd4 Rxf3 26.Bxe7 Qxe7 27.Qxa7 
Qg5+ 28.Kb1 R3f5 29.c4 Ra5 30.Qd4 Qf6 31.Qd6 Qe7 32.Rhe1 Qxd6 33.Rxd6 Rxh5
34.Rdxe6 Rg5 35.R1e3 c5 36.Kc2 Kd7 37.Rb6 Kc7 38.Rbe6 Rd7 39.Kc3 Rg4 40.a3
b6 41.R6e4 Rxe4 42.Rxe4 1/2-1/2

[Event "West European subzonal 1B (w)"]
[Site "Oisterwijk NED"]
[Date "1990.03.??"]
[Round "9"]
[White "Dubois, Martine"]
[Black "Drewes, Mariette"]
[Result "1-0"]
[WhiteElo "2060"]
[BlackElo "2120"]
[EventDate "1990.03.??"]
[PlyCount "87"]

1.e4 d5 2.exd5 Qxd5 3.Nc3 Qa5 4.d4 Nf6 5.Nf3 Bf5 6.Bc4 c6 7.Ne5 e6 8.Qe2 
Nbd7 9.Bf4 Bb4 10.Bd2 Nxe5 11.dxe5 Nd5 12.Bxd5 exd5 13.O-O Bxc2 14.Qg4 Bg6
15.a3 Be7 16.Rfe1 Qd8 17.Ne2 Qd7 18.Qg3 O-O 19.Nf4 Bf5 20.Nh5 Bg6 21.Nf4 
Bf5 22.h4 Kh8 23.Rad1 c5 24.Nxd5 Bxh4 25.Qxh4 Qxd5 26.Bh6 Qc6 27.Rd6 Qc8 
28.Bg5 c4 29.Re3 b5 30.Rg3 Bg6 31.Rh3 Qf5 32.g4 Qxe5 33.Rxg6 Qe1+ 34.Kh2 
Qe5+ 35.Kg1 Qe1+ 36.Kh2 Qe5+ 37.f4 Qxb2+ 38.Kg1 Qc1+ 39.Kf2 Qd2+ 40.Kf1 
Qd1+ 41.Kg2 Qc2+ 42.Kf1 Qb1+ 43.Kf2 Qxg6 44.f5 1-0

[Event "West European subzonal 1B (w)"]
[Site "Oisterwijk NED"]
[Date "1990.03.??"]
[Round "9"]
[White "Finegold, Gina"]
[Black "Van Parreren, Hanneke"]
[Result "1-0"]
[WhiteElo "2095"]
[BlackElo "2155"]
[EventDate "1990.03.??"]
[PlyCount "115"]

1.d4 d6 2.Nf3 f5 3.g3 Nf6 4.Bg2 g6 5.O-O Bg7 6.c4 O-O 7.Nc3 Qe8 8.d5 Na6 
9.Nd4 Bd7 10.Rb1 c6 11.dxc6 bxc6 12.b4 Rc8 13.Nf3 Qf7 14.Qd3 Ne4 15.Ng5 
Nxg5 16.Bxg5 Be6 17.c5 Bc4 18.Qe3 dxc5 19.bxc5 e5 20.Rfc1 Rfe8 21.Qd2 Nxc5
22.Be3 Ne6 23.Qc2 Nd4 24.Bxd4 exd4 25.Ne4 fxe4 26.Qxc4 Qxc4 27.Rxc4 Rc7 
28.Rbc1 Re6 29.Bh3 Rd6 30.Bg2 d3 31.Rxe4 d2 32.Rd1 Rb7 33.e3 Rb2 34.Rc4 
Rxa2 35.Bxc6 Ra1 36.Bf3 Kf8 37.Kf1 Ke7 38.Ke2 Ra2 39.Rc7+ Kf8 40.Rc8+ Ke7 
41.Rc7+ Kf8 42.Be4 a5 43.Bd3 Rf6 44.f4 Rb6 45.Bc2 Rd6 46.Bb3 Rb2 47.Rf7+ 
Kg8 48.Rd7+ Rxb3 49.Rxd6 Bc3 50.Ra6 Ra3 51.Ra7 a4 52.e4 Ra2 53.Rb1 Bb2 54.
Ra8+ Kf7 55.Kxd2 Bf6+ 56.Kd3 a3 57.Rb7+ Be7 58.Raa7 1-0

[Event "West European subzonal 1B (w)"]
[Site "Oisterwijk NED"]
[Date "1990.03.??"]
[Round "9"]
[White "Roos, Celine"]
[Black "De Greef, Heleen"]
[Result "1/2-1/2"]
[WhiteElo "2150"]
[BlackElo "2150"]
[EventDate "1990.03.??"]
[PlyCount "130"]

1.c4 Nf6 2.Nf3 g6 3.g3 Bg7 4.Bg2 d5 5.cxd5 Nxd5 6.O-O e5 7.Nc3 Nb6 8.d3 
Nc6 9.Bg5 f6 10.Be3 O-O 11.Qb3+ Kh8 12.a4 Re8 13.a5 Be6 14.Qd1 Nd5 15.Bc5 
b6 16.axb6 cxb6 17.Ba3 Nxc3 18.bxc3 Rc8 19.Nd2 f5 20.Bb2 Na5 21.c4 e4 22.
Bxg7+ Kxg7 23.Nb3 Nc6 24.Qb1 Qe7 25.Ra4 a5 26.dxe4 Nb4 27.Qb2+ Kg8 28.Rd1 
Bxc4 29.Nd4 fxe4 30.Bh3 Rcd8 31.Raa1 Qf6 32.e3 Rf8 33.Rd2 Nd3 34.Qc2 Bd5 
35.Rb1 Rde8 36.Rb5 Nb4 37.Qc7 Rb8 38.Rxd5 Nxd5 39.Qc4 Rfd8 40.Be6+ Kh8 41.
Bxd5 Rbc8 42.Qa2 Re8 43.Qb1 Qe5 44.Nc6 Qf6 45.Qb2 Qxb2 46.Rxb2 a4 47.Rxb6 
a3 48.Ra6 Ra8 49.Na7 Rad8 50.Bc6 Rf8 51.Bxe4 Rd2 52.Rxa3 Rfxf2 53.Nc6 Rfe2
54.Ra1 Rxe3 55.Bh1 Ree2 56.Rf1 Rxh2 57.Ne5 Rhe2 58.Nf7+ Kg7 59.Ng5 h6 60.
Nf3 Rb2 61.Nd4 Re3 62.Nf3 Ree2 63.g4 Rb4 64.Nh2 Rbb2 65.Nf3 Rb4 1/2-1/2